Statistics for Top 25 clothing brands

Click here to take the quiz!

General Stats

  • This quiz has been taken 690 times
  • The average score is 13 of 35

Answer Stats

HintAnswer% Correct
Sportswear brand with a tickNike
86%
Sportswear brand 3 stripesAdidas
83%
Badge has 2 G's backwardsGucci
78%
Produces polo rangeRalph Lauren
75%
CocoChanel
73%
Has a crocodileLacoste
73%
The devil wears - - - -Prada
73%
Abbreviated to LVLouis Vuitton
71%
Abbreviated to MKMichael Kors
61%
Has Giorgio & EmporioArmani
60%
Sportswear brand (a wild animal)Puma
58%
Produces a good underwear rangeCalvin Klein
57%
Abbreviated to D&GDolce & Gabbana
56%
Abbreviated to YSLYves Saint Laurent
50%
Has medusa as a badgeVersace
43%
Badge has a white and red squareTommy Hilfiger
36%
Name is the same as what fluid you put in a carDiesel
34%
Known for black and cream chequeredBurberry
28%
Produces had ore perfumeDior
23%
Famous for shoes with red solesLouboutin
21%
Name of a man (JC),produces famous shoesJimmy Choo
20%
Produces the orange & green rangeHugo Boss
19%
Name of a man (MJ)Marc Jacobs
18%
Badge is a seagullHollister
17%
Makes running shoes abbreviatedNew Balance
15%
Has a compass buttoned on the sleevesStone Island
14%
Guess
13%
Was originally a tennis playerFred Perry
9%
Produced clothes for Audrey HepburnGivenchy
8%
Badge is a yellow eagleLyle & Scott
8%
Produces aftershave in shape of a bodyJean Paul Gaultier
7%
Badge is a golden orb like a crownViviene Westwood
3%
Badge is a mouseAbercrombie & Fitch
2%
Name of a manPaul Smith
2%
Makes outdoor clothingBerghaus
1%

Score Distribution

Percentile by Number Answered

Percent of People with Each Score

Your Score History

You have not taken this quiz